Responses for Show #5293 - Wednesday, September 19, 2007

Contestants

[<< previous game]

Ann Gavaghan, a congressional staffer from Washington, D.C.

Adam Blau, a composer and musician from Los Angeles, California

Joanne Platt, a waitress from Minneapolis, Minnesota (whose 2-day cash winnings total $6,999)

[next game >>]

Jeopardy! Round responses

THE SOLAR SYSTEM
AT THE DRUGSTORE
ALSO A PLAYING CARD
A NUDE AWAKENING
"BAD" HABITS
YOU'RE IN DE-NILE
    $200 24
Mars

Ann
    $200 2
Visine

Adam
    $200 9
(Ann: What is a club?)

a jack

AdamAnn
    $200 1
Hugh Hefner

Adam
    $200 13
Sinbad

Adam
    $200 20
the Blue

Joanne
    $400 25
(Joanne: What is a comet?)

an asteroid

JoanneAdam
    $400 3
Benadryl

Ann
    $400 10
king

Ann
    $400 4
NYPD Blue

Joanne
    $400 14
a bad peace

Ann
    $400 21
Aswan

Joanne
    $600 26
(Joanne: What is Jupiter?)
(Adam: What is Saturn?)

Neptune

JoanneAdamAnn
    $600 6
(Adam: What is Tums?)

Rolaids

JoanneAdam
    $600 12
(Alex: A hole-in-one.)

an ace

Triple Stumper
    $600 5
The Graduate

Adam
    $600 15
badminton

Adam
    $600 22
the Rosetta Stone

Adam
    $800 27
solar flares

Ann
    $800 11
Bain du Soleil

Adam
    $800 16
the Queen of Hearts

Adam
    $800 7
David Cassidy

Joanne
    $800 18
a badger

Joanne
    $800 29
(Ann: Who is Pliny?)

Herodotus

Ann
Triple Stumper
    $1000 28
the Kuiper Belt

Triple Stumper
    $1000 23
oatmeal

Ann
    $1,000 17
deuce

Adam
    $1000 8
"Nude Descending A Staircase"

Ann
    $1000 19
a troubadour

Ann
    $1000 30
Sudan

Joanne

Scores at the first commercial break (after clue 15):

Joanne Adam Ann
$1,800 $2,200 $2,000

Scores at the end of the Jeopardy! Round:

Joanne Adam Ann
$3,200 $4,400 $4,800

Double Jeopardy! Round responses

THE GEORGE H.W. BUSH PRESIDENTIAL LIBRARY
(Alex: A whole category devoted to that.)
COUNTRY MUSIC STARS ON FILM
(Alex: You have to give us the century in...)
A CENTURY OF REIGN
FAIRIES
CHARACTERS IN LITERATURE
BEFORE & AFTER
    $400 2
broccoli

Adam
    $400 18
Dolly Parton

Ann
    $400 7
the 16th century

Joanne
    $400 23
the tooth fairy

Ann
    $400 1
Long John Silver

Ann
    $400 9
Chicken Little Richard

Adam
    $800 14
the Navy

Joanne
    $800 19
Tim McGraw

Triple Stumper
    $800 8
[Alex specifies "Kaiser" while giving the clue.]

the 19th century

Adam
    $800 24
the Blue Fairy

Triple Stumper
    $800 3
Wilbur

Joanne
    $800 10
hazardous Material Girl

Ann
    $1200 15
the People's Republic of China

Ann
    $1200 20
Dwight Yoakam

Ann
    $1200 28
the 18th century

Triple Stumper
    $1200 27
the Sugarplum Fairy

Adam
    $4,000 4
(Jason) Bourne

Joanne
    $1200 11
A Gingerbread Man for All Seasons

Joanne
    $1600 16
Yeltsin

Ann
    $1600 21
Toby Keith

Ann
    $1600 29
(Joanne: What is the 14th?)

the 11th century

JoanneAdam
    $1600 26
Ariel

Ann
    $1600 5
Injun Joe

Triple Stumper
    $1600 12
"Dude Looks Like A Lady and the Tramp"

Adam
    $3,500 17
Kuwait

Ann
    $2000 22
Glen Campbell

Triple Stumper
    $2000 30
the 20th century

Triple Stumper
    $2000 25
a banshee

Adam
    $2000 6
(Anne: What is Ragtime?)

Billy Bathgate

Ann
Triple Stumper
    $2000 13
The Unbearable Lightness of Being and Nothingness

Triple Stumper

Scores at the end of the Double Jeopardy! Round:

Joanne Adam Ann
$8,800 $12,400 $15,500

[wagering suggestions for these scores]

Final Jeopardy! Round responses

19th CENTURY INVENTIONS
(Alex: It was invented for the 1893 Chicago World's Fair.)
JoanneWhat is ?
$8,500
AdamWhat us the cotton gin?
$10,000
AnnWhat are boneshaker
$3,101
the Ferris Wheel

Final scores:

Joanne Adam Ann
$300 $2,400 $12,399
3rd place: $1,000 2nd place: $2,000 New champion: $12,399

Game dynamics:

Coryat scores:

Joanne Adam Ann
$6,000 $12,400 $14,000
12 R
(including 1 DD),
3 W
18 R
(including 1 DD),
2 W
19 R
(including 1 DD),
3 W

Combined Coryat: $32,400

[game clues] [game scores] [suggest correction]

Game tape date: 2007-07-18
The J! Archive is created by fans, for fans. Scraping, republication, monetization, and malicious use prohibited; this site may use cookies and collect identifying information. See terms. The Jeopardy! game show and all elements thereof, including but not limited to copyright and trademark thereto, are the property of Jeopardy Productions, Inc. and are protected under law. This website is not affiliated with, sponsored by, or operated by Jeopardy Productions, Inc. Join the discussion at JBoard.tv.